000
00288 a2200121 4500
001
63849
082
_a
808.82 BLY
090
_c
37771
_d
37771
100
_a
Blyton
245
_a
Five on Finniston Farm
_h
English
260
_a
Great Britain
_b
hodder and Stoughton
_c
1997
300
_a
186p.
942
_a
NUST-CAE
_k
808.82 BLY
999
_c
298922
_d
298922